أهداف الجامعة الأمريكية بالقاهرة : (Record no. 15889)
[ view plain ]
| 000 -الفاتح | |
|---|---|
| حقل البيانات ثابتة الطول | 00928nam a22001937a 4500 |
| 008 - عناصر البيانات ثابتة الطول - معلومات عامة | |
| حقل البيانات ثابتة الطول | 110822t xxu||||| |||| 00| 0 ara d |
| 020 ## - الرقم الدولى المعيارى للكتب | |
| الرقم الدولى المعيارى للكتاب | 9776063004 |
| 082 ## - رقم تصنيف ديوى العشرى | |
| رقم الطبعة | 22 |
| رقم التصنيف | 378.62 |
| رقم المادة | ب ي ل |
| 100 1# - المدخل الرئيسى - إسم شخصى | |
| 9 (RLIN) | 26834 |
| الإسم الشخصى | البيلى ، سهير حسين أحمد |
| 245 ## - بيان العنوان | |
| العنوان | أهداف الجامعة الأمريكية بالقاهرة : |
| بقية العنوان | دراسة وثائقية منذ النشأة حتى 1980 م / |
| بيان المسئوليه,etc | سهير حسين أحمد البيلى |
| 260 ## - PUBLICATION, DISTRIBUTION, ETC. (IMPRINT) | |
| مكان الناشر او الموزع | المنيا : |
| اسم الناشر او الموزع | دار فرحة للنشر والتوزيع ، |
| تاريخ النشر أو التوزيع | [2002]. |
| 300 ## - الوصف المادى | |
| التعداد | 313 ص ؛ |
| أبعاد الوعاء | 24 سم. |
| 650 #0 - المدخل الاضافى بالموضوع-مصطلح موضوعى | |
| 9 (RLIN) | 26835 |
| مصطلح موضوعي أو اسم جغرافي كعنصر مدخل | التعليم العالي |
| 650 #0 - المدخل الاضافى بالموضوع-مصطلح موضوعى | |
| 9 (RLIN) | 26836 |
| مصطلح موضوعي أو اسم جغرافي كعنصر مدخل | التعليم الجامعي |
| 650 #0 - المدخل الاضافى بالموضوع-مصطلح موضوعى | |
| 9 (RLIN) | 26837 |
| مصطلح موضوعي أو اسم جغرافي كعنصر مدخل | الجامعات والكليات |
| التقسيم الفرعي الجغرافي | مصر |
| 653 ## - مصطلح تكشيفى غير مقيد | |
| Resource For college | |
| Arrived date list | August2011 |
| 942 ## - عناصر المدخل الإضافي( كوها) | |
| مصدر التصنيف او مخطط الترفيف | Dewey Decimal Classification |
| Koha [default] item type | Book - Borrowing |
| حالة التراجع | حالة الفقد | مصدر التصنيف او خطة الترفيف | حالة تلف | ليس للاعارة | مجموعات كوها | المكان الدائم | المكان الحالي | موقع الترفيف | تاريخ الاكتساب | Source of acquisition | رقم الاستدعاء | الباركود | Date last seen | نوع الوعاء |
|---|---|---|---|---|---|---|---|---|---|---|---|---|---|---|
| Dewey Decimal Classification | Alef-Baa | Central Library | Central Library | First floor | 22/08/2011 | 378.62 ب ي ل | 000024597 | 15/07/2025 | Book - Borrowing |